000
00302nam a22001097a 4500
008
170126b xxu||||| |||| 00| 0 eng d
020
_a
0397504217
041
_a
eng
080
_a
61
245
_a
PRIMARY CARE MEDICINE: OFFICE EVALUATION AND MANAGEMENT OF THE ADULT PATIENT
_c
MULLEY, G.M
942
_2
udc
_c
BK
999
_c
3750
_d
3750